<?xml version="1.0" encoding="UTF-8"?>
<record
    xmlns:xsi="http://www.w3.org/2001/XMLSchema-instance"
    xsi:schemaLocation="http://www.loc.gov/MARC21/slim http://www.loc.gov/standards/marcxml/schema/MARC21slim.xsd"
    xmlns="http://www.loc.gov/MARC21/slim">

  <leader>01537nam a2200277 a 4500</leader>
  <controlfield tag="001">BRCA_8783</controlfield>
  <controlfield tag="005">20190320210417.0</controlfield>
  <controlfield tag="008">170417s1775----sp-#######---#000-0#spa-#</controlfield>
  <datafield tag="041" ind1=" " ind2=" ">
    <subfield code="a">spa</subfield>
  </datafield>
  <datafield tag="044" ind1=" " ind2=" ">
    <subfield code="a">sp</subfield>
  </datafield>
  <datafield tag="084" ind1=" " ind2=" ">
    <subfield code="a">BE160</subfield>
    <subfield code="b">.A56 1775</subfield>
  </datafield>
  <datafield tag="245" ind1="1" ind2="0">
    <subfield code="a">A&#xF1;o christiano</subfield>
    <subfield code="b">&#xF3; exercicios devotos para todos los domingos, d&#xED;as de quaresma y fiestas movibles del a&#xF1;o,</subfield>
    <subfield code="c">traducido fielmente del franc&#xE9;s al castellano por el Doct. Joaquin Castellot, Capellan Doctoral de S.M. en su Real Capilla de la Encarnaci&#xF3;n de Madrid</subfield>
  </datafield>
  <datafield tag="260" ind1=" " ind2=" ">
    <subfield code="a">Madrid</subfield>
    <subfield code="b">En la Imprenta de Don Antonio Perez</subfield>
    <subfield code="c">1775</subfield>
  </datafield>
  <datafield tag="300" ind1=" " ind2=" ">
    <subfield code="a">484 p. (t.4)</subfield>
    <subfield code="c">21.5 x 15 cm.</subfield>
  </datafield>
  <datafield tag="500" ind1=" " ind2=" ">
    <subfield code="a">Con las licencias necesarias</subfield>
  </datafield>
  <datafield tag="500" ind1=" " ind2=" ">
    <subfield code="a">En portada: Desde el domingo de resurrecci&#xF3;n hasta la octava del corpus</subfield>
  </datafield>
  <datafield tag="500" ind1=" " ind2=" ">
    <subfield code="a">Estado f&#xED;sico: presenta encuadernaci&#xF3;n en pergamino, con lomo desprendido y cintas rotas</subfield>
  </datafield>
  <datafield tag="505" ind1="0" ind2=" ">
    <subfield code="a">Contiene la historia o explicaci&#xF3;n de lo que hay m&#xE1;s particular, &#xE8; instructivo en semejantes d&#xED;as; algunas reflexiones sobre la ep&#xED;stola; una meditaci&#xF3;n despu&#xE9;s del evangelio de la misa, y algunos exercicios pr&#xE1;cticos, &#xF3; prop&#xF3;sitos adaptables &#xE1; todo genero de personas</subfield>
  </datafield>
  <datafield tag="650" ind1="1" ind2="4">
    <subfield code="a">Ejercicios devotos</subfield>
    <subfield code="z">Obras anteriores a 1800</subfield>
    <subfield code="9">21890</subfield>
  </datafield>
  <datafield tag="650" ind1="1" ind2="4">
    <subfield code="a">Calendario devotos</subfield>
    <subfield code="x">Iglesia cat&#xF3;lica</subfield>
    <subfield code="z">Obras anteriores a 1800</subfield>
    <subfield code="9">21891</subfield>
  </datafield>
  <datafield tag="650" ind1="1" ind2="4">
    <subfield code="a">Meditaciones del a&#xF1;o cristiano</subfield>
    <subfield code="z">Obras anteriores a 1800</subfield>
    <subfield code="9">21892</subfield>
  </datafield>
  <datafield tag="700" ind1="1" ind2=" ">
    <subfield code="a">Castellot, Joaquin</subfield>
    <subfield code="e">tr.</subfield>
    <subfield code="9">21893</subfield>
  </datafield>
  <datafield tag="700" ind1="1" ind2=" ">
    <subfield code="a">P&#xE9;rez de Soto, Antonio</subfield>
    <subfield code="e">Impresor</subfield>
    <subfield code="9">21894</subfield>
  </datafield>
  <datafield tag="902" ind1=" " ind2=" ">
    <subfield code="a">CFM</subfield>
  </datafield>
  <datafield tag="942" ind1=" " ind2=" ">
    <subfield code="2">lcc</subfield>
    <subfield code="c">B</subfield>
  </datafield>
  <datafield tag="999" ind1=" " ind2=" ">
    <subfield code="c">8434</subfield>
    <subfield code="d">8434</subfield>
  </datafield>
  <datafield tag="952" ind1=" " ind2=" ">
    <subfield code="0">0</subfield>
    <subfield code="1">0</subfield>
    <subfield code="4">0</subfield>
    <subfield code="7">0</subfield>
    <subfield code="a">BRCA</subfield>
    <subfield code="b">BRCA</subfield>
    <subfield code="d">2017-04-17</subfield>
    <subfield code="l">0</subfield>
    <subfield code="o">BE160 .A56 1775</subfield>
    <subfield code="p">CFM00110</subfield>
    <subfield code="r">2019-03-22 00:00:00</subfield>
    <subfield code="w">2019-03-22</subfield>
    <subfield code="y">B</subfield>
  </datafield>
</record>
